| 000 | 01064nam a22001937a 4500 | ||
|---|---|---|---|
| 999 |
_c60258 _d60258 |
||
| 003 | Ge_BSU | ||
| 005 | 20230622153307.0 | ||
| 008 | 230622s1975 ge ||||| |||| 00| 0 geo d | ||
| 041 | _ageo | ||
| 080 | _a94(479.223) კ-36 | ||
| 100 |
_aკახიძე, ამირან _918897 |
||
| 245 |
_aაღმოსავლეთ შავიზღვისპირეთის ანტიკური ძეგლები : _b(ფიჭვნარის ბერძნული სამაროვანი) / _cამირან კახიძე; რედაქტორი ა. აფაქიძე. |
||
| 264 |
_aბათუმი : _bსაბჭოთა აჭარა, _c1975. |
||
| 300 |
_a100 გვ.: _bტაბ. ; _c22 სმ. |
||
| 504 | _aბიბლიოგრაფია ტექსტის შენიშვნებში | ||
| 520 | _aრეზიუმე რუსულ და ინგლისურ ენებზე | ||
| 700 |
_aაფაქიძე, ა. _eრედაქტორი _918898 |
||
| 942 |
_2udc _cBK |
||